LEADER 01305nam 2200349 n 450 001 996386634703316 005 20221108032952.0 035 $a(CKB)1000000000614519 035 $a(EEBO)2240875863 035 $a(UnM)99849108 035 $a(EXLCZ)991000000000614519 100 $a19920125d1625 uy | 101 0 $aeng 135 $aurbn||||a|bb| 200 02$aA new discouery of personal tithes: or The tenth part of mens cleere gaines$b[electronic resource] $eProued due both in conscience, and by the lawes of this kingdome. By C. Burges 210 $aLondon $cPrinted by I. L[egat] for William Sheffard, and are to be sold at his shop, at the entring in of Popes-head Aley, out of Lumbard street$d1625 215 $a[12], 81, [1] p 300 $aPrinter's name from STC. 300 $aSome print show-through. 300 $aReproduction of the original in Cambridge University Library. 330 $aeebo-0021 606 $aTithes$vEarly works to 1800 615 0$aTithes 700 $aBurges$b Cornelius$f1589?-1665.$01002137 801 0$bCu-RivES 801 1$bCu-RivES 801 2$bCStRLIN 801 2$bWaOLN 906 $aBOOK 912 $a996386634703316 996 $aA new discouery of personal tithes: or The tenth part of mens cleere gaines$92375810 997 $aUNISA